000 00301nam a2200121Ia 4500
008 190216s9999||||xx |||||||||||||| ||und||
100 _aPatel. Sb
245 0 _aNuclear Physics An Introduction
260 _bNew Age International Publishers
_c1991
300 _a346p
650 _aChemistry
942 _cBK
999 _c2895
_d2895